=LDR 00000nam 2200000 4500 =001 INLIS000000000003817 =005 20130612092124 =008 ***********************************Ind** =035 ##$$0010-061300000003817 =041 ##$$a Ind =082 ##$$a 500.5 =090 ##$$a 500.5, Man =245 ##$$a Manusia dan ruang angkasa, diterjemahkan oleh, Drs.Hasan Amin =250 ##$$a Seri dasar ilmu pengetahuan alam - buku 14 =260 ##$$a 1977 $b Jakarta =300 ##$$a 35 hlm., ilus., 21 cm =650 ##$$a Sains =650 ##$$a Angkasa =700 ##$$a Amin, Hasan =850 ##$$a NBPNMAT